| 000 | 00798nam a2200217 a 4500 | ||
|---|---|---|---|
| 005 | 20210223120708.0 | ||
| 008 | 991125s1988 mx 000 0 spa u | ||
| 020 | _a9682921481 | ||
| 035 | _aUPN01000005665 | ||
| 049 | _aSEP | ||
| 050 | 4 |
_aZ1427 T2 _bB52 |
|
| 245 | 0 | 0 |
_aBibliografías básicas mexicanas de los estados del Oriente de la República Mexicana : _bTabasco, Veracruz / _ccomp. Eurídice Román de Dios. |
| 260 |
_aMéxico : _bCNCA, Dirección General de Bibliotecas, _c1988. |
||
| 300 | _a293 p. | ||
| 440 | 0 | _aBibliografías básicas de los estados de la República Mexicana : región oriente | |
| 651 | 4 |
_aMEXICO - _vBIBLIOGRAFIA _922805 |
|
| 651 | 4 |
_aTABASCO - _vBIBLIOGRAFIA |
|
| 651 | 4 |
_aVERACRUZ - _vBIBLIOGRAFIA |
|
| 700 | 1 |
_aRomán de Dios, Eurídice, _ecomp. |
|
| 905 | _aLibro | ||
| 999 |
_c5665 _d5665 |
||